MARC

LEADER 00000nam0a2200000 4500
001 233097
005 20231101231224.0
035 |a (RuTPU)RU\TPU\book\254165 
090 |a 233097 
100 |a 20130227d1965 m y0rusy50 ca 
101 0 |a rus 
102 |a RU 
105 |a a j 000zy 
200 1 |a Элемонтер - ремонтник  |f Г. Л. Вартанов, В. В. Вернер, В. М. Серебряков 
210 |a Москва  |c Профтехиздат  |d 1965 
215 |a 267 с.  |c ил. 
300 |a Книга на немецком языке 
606 |a Электромеханика  |2 stltpush  |3 (RuTPU)RU\TPU\subj\20251  |9 45364 
610 1 |a электромонтажные работы 
610 1 |a учебные пособия 
610 1 |a электрические машины 
610 1 |a ремонт 
610 1 |a аппараты 
610 1 |a оборудование 
610 1 |a ремонтные работы 
610 1 |a организация труда 
675 |a 621.3.0027.2(075)  |v 3 
700 1 |a Вартанов  |b Г. Л. 
701 1 |a Вернер  |b В. В. 
701 1 |a Серебряков  |b В. М. 
801 1 |a RU  |b 63413507  |c 20130227 
801 2 |a RU  |b 63413507  |c 20130227  |g RCR 
942 |c BK